| 000 | 00912nam a2200229 i 4500 | ||
|---|---|---|---|
| 001 | 160579 | ||
| 003 | ES-MaACL | ||
| 005 | 20250907063122.0 | ||
| 008 | 950206s1869 sp |||| | spa d | ||
| 040 |
_aCARM _bspa _cCCPB | PA2 |
||
| 100 | 1 |
_aNavarro y Rodrigo, Carlos, _d1833-1903 _985192 |
|
| 245 | 1 | 0 |
_aItúrbide / _cpor Carlos Navarro y Rodrigo ... |
| 260 |
_aMadrid : _bImp. y Libreria Universal de los Señores Crespo, Martin y Compañia, _c1869. |
||
| 300 |
_a237 p. ; _c23 cm. |
||
| 530 | _aDisponible en formato digital. | ||
| 600 | 1 | 4 |
_aIturbide, Agustín de- _vBiografías. _9128216 |
| 651 | 4 |
_aMéxico- _xHistoria- _y1810-1821, Guerra de la Independencia. _9168986 |
|
| 651 | 4 |
_aMéxico- _xHistoria- _z1821-1861. _99064 |
|
| 852 |
_aES-MaACL _jG-5359 _z-- Rust. |
||
| 856 |
_uhttp://bdh-rd.bne.es/viewer.vm?id=0000080944&page=1 _zBiblioteca Digital Hispánica |
||
| 999 |
_c160579 _d160579 |
||